000 00996nam a22002417a 4500
005 20230307154132.0
008 230307b ||||| |||| 00| 0 eng d
020 _a9781957852003
040 _cAL
041 _aeng
082 _223
_a612.8
_bPERU
100 _aRoy Pereira
_974493
245 _aUncertain times:
_bWellness strategies from Neuroscience and Igantius
260 _aLos Angeles
_bCenter for Science and Spirituality
_c2022
300 _axxi,106p.
_bPB
_c22x14cm.
365 _2Psychology
_a02302
_b500.00
_c
_d500.00
_e0
_f01-12-2022
520 _aThis text,then,will help young people discern healthy and unhealthy attachments…In short ,what he has given us is a roadmap for healthy and sustainable living for a generation of youth looking for a guide to healthier,more wholesome living."
650 _aHealth and Healing
_974481
650 _aBrain and Behavior Change
_974482
650 _aIgnatian Insights
_974483
700 _aPEREIRA (Roy)
_974484
942 _2ddc
_cBK
999 _c226929
_d226929